00721nam a22002294a 450000500170000000800410001701000140005802000230007202000260009503500130012103700150013404000180014908200110016710000160017824500600019426000370025427000890029130000350038050000410041565000130045665000220046920040707122103.0000731s2001 nyua b 001 0 eng  aENG-92213 a8187134747c425.00 a9788187134749c425.00 aEN-75746 bDBAD / PUB adplbEnglish  a574.87 aPaul, Ajoy  aText book of cell and molecular biology /cby Ajoy Paul aKolkatabBooks and Allied c2007 aNo.1-E(1), 'Shubham Plaza' (Ist Floor) 83/1, Beliaghata Main Road, bKolkatae700010 aVarious pagings c24 cm (pbk)  aIncludes bibliographical references  aCytology aMolecular biology